000 00301nam a22001337a 4500
008 170619b xxu||||| |||| 00| 0 eng d
020 _a9780198781851
041 _aeng
080 _a94
100 _a20
101 _aSHP
245 _aTHE EUROPEAN UNION IN THE 1990
_cTYLOR.P
942 _2udc
_cBK
999 _c18197
_d18197